Evaluación de alternativas de ahorro energético para la implementación de un programa de eficiencia energética en el edificio regional del Instituto Costarricense de Electricidad en Liberia, Guanacaste

Gespeichert in:
Bibliographische Detailangaben
1. Verfasser: Barboza Chacón, Manuel Antonio
Format: Buch
Veröffentlicht: [San José, Costa Rica] 2002
Schlagworte:
Tags: Tag hinzufügen
Keine Tags, Fügen Sie den ersten Tag hinzu!

MARC

LEADER 00000nam a2200000Ia 4500
003 009057
005 20221231144055.0
008 140114s2002 cr a 000 ||s d
040 |c cru CEDI  
090 |a TFG 4617 
100 |a Barboza Chacón, Manuel Antonio   |9 4114 
245 |a Evaluación de alternativas de ahorro energético para la implementación de un programa de eficiencia energética en el edificio regional del Instituto Costarricense de Electricidad en Liberia, Guanacaste  
260 |c 2002  |b [San José, Costa Rica] 
300 |a xi, 173 hojas; ilustraciones a color 
500 |a Proyecto de graduación (bachillerato en ingeniería eléctrica)--Universidad de Costa Rica. Facultad de Ingeniería. Escuela de Ingeniería Eléctrica 
650 |x CONSUMO DE ENERGIA  |x  CONSERVACION DE LA ENERGIA   |x  ENERGIA ELECTRICA   |x AHORROS Y ECONOMIA   |x INSTITUTO COSTARRICENSE DE ELECTRICIDAD   |9 4115 
942 |c TFG 
999 |c 16489  |d 16489